Východoslovenský reklamný spravodajca : inzertno-informačné periodikum.
Uložené v:
| Médium: | Časopis |
|---|---|
| Jazyk: | Slovak |
| Vydané: |
Košice :
PhDr. Peter Furmaník,
1991-[1992].
|
| Tagy: |
Pridať tag
Žiadne tagy, Buďte prvý kto otaguje tento záznam!
|
Titul je dostupný aj v ... 

MARC
| LEADER | 00000nas a2200000 a 4500 | ||
|---|---|---|---|
| 001 | 000302913 | ||
| 003 | SVKK | ||
| 005 | 20240411145324.0 | ||
| 008 | 040609d19911992xo r|p||| |0 a0slo | ||
| 040 | |a KE001 |b slo |e AACR2 | ||
| 041 | 0 | |a slo | |
| 044 | |a xo |c SK | ||
| 245 | 0 | 0 | |a Východoslovenský reklamný spravodajca : |b inzertno-informačné periodikum. |
| 260 | |a Košice : |b PhDr. Peter Furmaník, |c 1991-[1992]. | ||
| 310 | |a periodicita neznáma | ||
| 362 | 0 | |a 1 (1991) - [1992] | |
| 910 | |a KE001 |b C.6306 | ||
| 998 | |a SE | ||
| 090 | |g CASOS |k Sklad |a C.6306 |j 176331 |i 2721102388 |7 Rok 1991, roč.1, č.1,5-7 ; rok 1992, roč.2, č.1 |s Zviazaný časopis | ||